000
00321nam a22001457a 4500
008
221114b ||||| |||| 00| 0 eng d
020
_a
9780300053128
041
_a
eng
080
_a
72
082
_a
72 ROS
100
_a
19.1
101
_a
ART
245
_a
DUTCH ART AND ARCHITECTURE
_c
ROSENBERG J
942
_2
udc
_c
BK
999
_c
58881
_d
58881